|
|
|
|
| LEADER |
01246nam a22003014a 4500 |
| 001 |
33902 |
| 003 |
BD-DhAAL |
| 005 |
20211109115852.0 |
| 008 |
181025r19782016ii a 001 0 eng c |
| 999 |
|
|
|c 40102
|d 40102
|
| 020 |
|
|
|a 9788121925730
|
| 040 |
|
|
|a BD-DhAAL
|
| 082 |
|
|
|a 621.402
|2 22
|
| 100 |
|
|
|a Khurmi, R. S.
|9 28630
|
| 245 |
|
|
|a A textbook of thermal engineering :
|b S.I. units /
|c R. S. Khurmi and J. K. Gupta
|
| 260 |
|
|
|a New Delhi :
|b S. Chand,
|c c1978 [reprinted 2016]
|
| 300 |
|
|
|a 895 pages :
|b illustrations ;
|c 24 cm.
|
| 500 |
|
|
|a Includes index.
|
| 526 |
|
|
|a CSE
|
| 541 |
|
|
|a Trim Education
|e 33902, 33903
|
| 650 |
|
|
|a Thermodynamics.
|9 28631
|
| 650 |
|
|
|a Heat engineering.
|9 28632
|
| 650 |
|
|
|a Computer science.
|9 42471
|
| 700 |
|
|
|a Gupta, R. S.
|9 28633
|
| 852 |
|
|
|a Ayesha Abed Library
|c General Stacks
|
| 942 |
|
|
|2 ddc
|c BK
|
| 952 |
|
|
|0 0
|1 0
|2 ddc
|4 0
|6 621_402000000000000_KHU
|7 0
|9 64509
|a BRACUL
|b BRACUL
|c GEN
|d 2018-10-22
|e Trim Education
|g 1305.00
|l 1
|m 1
|o 621.402 KHU
|p 3010033902
|r 2024-06-23
|s 2024-06-06
|t 1
|v 1305.00
|w 2018-10-22
|y BK
|
| 952 |
|
|
|0 0
|1 0
|2 ddc
|4 0
|6 621_402000000000000_KHU
|7 0
|9 64510
|a BRACUL
|b BRACUL
|c GEN
|d 2018-10-22
|e Trim Education
|g 1305.00
|l 1
|o 621.402 KHU
|p 3010033903
|r 2025-10-21
|s 2025-08-17
|t 2
|v 1305.00
|w 2018-10-22
|y BK
|